| 000 | 00357nam a22001457a 4500 | ||
|---|---|---|---|
| 003 | NUST | ||
| 020 | _qH/B. | ||
| 038 | _awaseem | ||
| 082 |
_a358.4954 _bHIJ |
||
| 100 |
_aHijazi, A Q _919699 |
||
| 245 |
_aThe Story of the Pakistan Air Force / _cA Q Hijazi |
||
| 260 |
_aIslamabad : _bAl Shaheen Foundation, _c1988. |
||
| 300 | _a715 p. ; | ||
| 942 |
_2ddc _cBK |
||
| 999 |
_c528124 _d528124 |
||